| 000 | 00715nam a2200241Ia 4500 | ||
|---|---|---|---|
| 003 | OSt | ||
| 005 | 20221006145316.0 | ||
| 006 | a|||||r|||| 00| 0 | ||
| 007 | ta | ||
| 008 | 221006b |||||||| |||| 00| 0 eng d | ||
| 020 |
_c _13.00 |
||
| 024 | _a14,420 | ||
| 037 | _cTextual | ||
| 040 |
_aEASL _cEASL _beng |
||
| 041 |
_2eng _aeng |
||
| 082 | _aO41:gxM85, 111L3 | ||
| 100 |
_aPOLLARD David E _9654097 |
||
| 245 | 0 |
_aChinese look at literature _b The literary values of Chou Tso-jen in relation to the tradition |
|
| 260 |
_aBerkeley _bCalifornia Unviersity Press _c1973 |
||
| 300 |
_a183p. _ccm. |
||
| 942 |
_hO41:gxM85, 111L3 _cTEXL _2CC |
||
| 999 |
_c1082506 _d1082506 |
||